000
00268nam a2200109Ia 4500
008
190216s9999||||xx |||||||||||||| ||und||
100
_a
Gupta M P & Saxsena
245
0
_a
Mercantile Law
260
_b
Allied Pacific Private Limited
650
_a
Commerce
942
_c
BK
999
_c
5407
_d
5407